000
00197nam a2200097Ia 4500
008
190216s9999||||xx |||||||||||||| ||und||
100
_a
Surendran K
245
0
_a
Maya
260
_b
Null
942
_c
BK
999
_c
24776
_d
24776